000 00732nam a2200289Ia 4500
001 16459
003 GE_BSU
008 181216s||||||||xx |||||||||||||| ||und||
020 _a9781471500237
040 _cGE_BSU
080 _a811.111(075.8)
100 _aEvans Virginia,Jenny Dooley
245 _aPrime Time 4. Teacher' s Book.
245 _bTeacher' s Book
260 _aNewbury
260 _bExpress publishing
260 _c2012
300 _a387p,ill,30cm
300 _b+Teacher' s resurse Pack CD-ROM.
541 _h67gel,33t.
653 _agrammar
653 _aPrime Time 4
653 _aTeacher' s Book
653 _aგრამატიკა
653 _aინგლისური
942 _cBK
999 _c49530
_d49530